Flagi krajów na literę P - Statystyki

Ogólne statystyki
  • Ten quiz został rozwiązany 31 razy
  • Średni wynik to 8 z 9
Statystyki odpowiedzi
Obrazkowy Odpowiedź % Poprawnych
pakistan
100%
panama
100%
peru
100%
polska
100%
portugalia
100%
paragwaj
94%
papua nowa gwinea
81%
palau
77%
portoryko
65%
Nie znaleziono quizów pasujących do podanych kryteriów
Rozkład punktacji
Procent ludzi z każdym wynikiem
Percentyl według liczby udzielonych odpowiedzi
Twoja historia wyników
Nie rozwiązałeś tego quizu